[Event "Warsaw YMCA Winter-C 165th"]
[Site "Warsaw"]
[Date "2016.03.18"]
[Round "11"]
[White "Markiewicz, Michal"]
[Black "Baranowicz, Jan"]
[Result "1-0"]
[WhiteElo "1713"]
[BlackElo "1667"]
[PlyCount "45"]
[EventDate "2016.01.06"]
[EventType "tourn"]
[EventRounds "13"]
[EventCountry "POL"]
[SourceTitle "EXT 2019"]
[Source "ChessBase"]
[SourceDate "2018.10.10"]
[SourceVersion "1"]
[SourceVersionDate "2018.10.10"]
[SourceQuality "1"]

1. d4 g6 2. e4 Bg7 3. c4 c5 4. d5 d6 5. Qc2 e6 6. Nc3 Ne7 7. f4 exd5 8. cxd5 0-0 9. Nf3 f5 10. e5 dxe5 11. fxe5 Kh8 12. Qb3 h6 13. e6 g5 14. Be3 b6 15. 0-0-0 f4 16. Bf2 Nf5 17. d6 Qf6 18. e7 Re8 19. Qd5 Bd7 20. Qxa8 Bc6 21. Qxa7 Nxd6 22. Qxb6 Nf5 23. Rd8 1-0

[Event "Warsaw YMCA Winter-C 165th"]
[Site "Warsaw"]
[Date "2016.01.28"]
[Round "12"]
[White "Krzyzanowski, Antoni"]
[Black "Baranowicz, Jan"]
[Result "0-1"]
[WhiteElo "1574"]
[BlackElo "1667"]
[PlyCount "96"]
[EventDate "2016.01.06"]
[EventType "tourn"]
[EventRounds "13"]
[EventCountry "POL"]
[SourceTitle "EXT 2019"]
[Source "ChessBase"]
[SourceDate "2018.10.10"]
[SourceVersion "1"]
[SourceVersionDate "2018.10.10"]
[SourceQuality "1"]

1. e4 c6 2. d3 d5 3. Nd2 e5 4. Ngf3 Bd6 5. Be2 Nf6 6. 0-0 0-0 7. Re1 Re8 8. h3 b5 9. Nh2 d4 10. g4 Be6 11. Ndf1 Bb4 12. Bd2 Qa5 13. Bxb4 Qxb4 14. Qc1 c5 15. Ng3 c4 16. a3 Qc5 17. Qd2 Na6 18. Rec1 Rac8 19. Nf3 Nd7 20. c3 dxc3 21. Rxc3 Nb6 22. d4 exd4 23. Qxd4 Red8 24. Qxc5 Nxc5 25. Rd1 Nba4 26. Rc2 Rxd1+ 27. Bxd1 Nd3 28. b3 Nab2 29. Be2 cxb3 30. Rxc8+ Bxc8 31. Nd4 Be6 32. Nxb5 Nc1 33. Nxa7 Nbd3 34. Nb5 b2 35. Nc3 Ba2 36. a4 Nxe2+ 37. Ngxe2 b1Q+ 38. Nxb1 Bxb1 39. Nc3 Bc2 40. Kf1 Nc5 41. a5 Nxe4 42. Nxe4 Bxe4 43. Ke2 Bb7 44. Ke3 Kf8 45. h4 Ke7 46. Kd4 Kd6 47. Kc4 Ke5 48. Kc5 Kf4 0-1

[Event "Warsaw YMCA 99th Autumn-D"]
[Site "Warsaw"]
[Date "2011.10.24"]
[Round "6"]
[White "Baranowicz, Jan"]
[Black "Pajak, Jakub Lech"]
[Result "0-1"]
[WhiteElo "1672"]
[BlackElo "1694"]
[PlyCount "46"]
[EventDate "2011.09.19"]
[EventType "tourn"]
[EventRounds "13"]
[EventCountry "POL"]
[SourceTitle "EXT 2014"]
[Source "ChessBase"]
[SourceDate "2013.11.20"]
[SourceVersion "1"]
[SourceVersionDate "2013.11.20"]
[SourceQuality "1"]

1. e4 c5 2. Nf3 Nc6 3. d4 cxd4 4. Nxd4 g6 5. c4 Bg7 6. Be3 Nf6 7. Nc3 Ng4 8. Qxg4 Nxd4 9. 0-0-0 d6 10. Qg3 Ne6 11. Bd2 Bd7 12. f4 a6 13. f5 Nc5 14. Re1 b5 15. fxg6 hxg6 16. e5 dxe5 17. Rxe5 Bxe5 18. Qxe5 Rh5 19. Qg7 Ne6 20. Qg8+ Nf8 21. Be2 Rh7 22. Rf1 Be6 23. cxb5 f6 0-1

[Event "Warsaw YMCA 99th Autumn-D"]
[Site "Warsaw"]
[Date "2011.10.04"]
[Round "3"]
[White "Kasperski, Marcin"]
[Black "Baranowicz, Jan"]
[Result "0-1"]
[WhiteElo "1701"]
[BlackElo "1672"]
[PlyCount "136"]
[EventDate "2011.09.19"]
[EventType "tourn"]
[EventRounds "13"]
[EventCountry "POL"]
[SourceTitle "EXT 2014"]
[Source "ChessBase"]
[SourceDate "2013.11.20"]
[SourceVersion "1"]
[SourceVersionDate "2013.11.20"]
[SourceQuality "1"]

1. e4 c5 2. Nf3 Nc6 3. d4 cxd4 4. Nxd4 Nf6 5. Nc3 e5 6. Ndb5 d6 7. Nd5 Nxd5 8. exd5 Nb8 9. c4 Be7 10. Bd3 a6 11. Nc3 Bg5 12. 0-0 g6 13. Bxg5 Qxg5 14. Ne4 Qe7 15. Qa4+ Nd7 16. Qa3 Nc5 17. Nxc5 dxc5 18. f4 0-0 19. fxe5 Qxe5 20. Qxc5 Qxb2 21. a4 b6 22. Qe3 Bd7 23. Rfb1 Qc3 24. Rc1 Rae8 25. Rxc3 Rxe3 26. Rca3 f5 27. Bf1 Rxa3 28. Rxa3 a5 29. Rb3 Rf6 30. Ra3 f4 31. Kf2 Kf7 32. Be2 Ke7 33. Bd1 Kd6 34. Kf3 Bf5 35. Ra1 g5 36. h4 h6 37. hxg5 hxg5 38. Be2 Kc5 39. Rc1 Rf8 40. Rh1 Rf6 41. Rh5 Rg6 42. Rh8 Kb4 43. Rf8 Bc2 44. Re8 Bxa4 45. Re6 Rxe6 46. dxe6 Kc5 47. Ke4 Kd6 48. Kf5 Ke7 49. Kxg5 Bb3 50. c5 bxc5 51. Kxf4 a4 52. Bd3 a3 53. Bb1 a2 54. Bxa2 Bxa2 55. g4 Bxe6 56. Ke5 c4 57. Kd4 Kf6 58. Kc3 Kg5 59. Kd4 Kxg4 60. Kc3 Kf3 61. Kd2 Ke4 62. Kc3 Bf7 63. Kc2 Kd4 64. Kd2 Bg6 65. Kd1 Kd3 66. Kc1 c3 67. Kd1 c2+ 68. Kc1 Bf5 0-1

[Event "Warsaw-ch opB 64th"]
[Site "Warsaw"]
[Date "2011.05.14"]
[Round "8"]
[White "Baranowicz, Jan"]
[Black "Bartczak, Hanna"]
[Result "1/2-1/2"]
[WhiteElo "1692"]
[BlackElo "1696"]
[PlyCount "78"]
[EventDate "2011.05.07"]
[EventType "swiss"]
[EventRounds "9"]
[EventCountry "POL"]
[SourceTitle "EXT 2012"]
[Source "ChessBase"]
[SourceDate "2011.11.24"]
[SourceVersion "1"]
[SourceVersionDate "2011.11.24"]
[SourceQuality "1"]

1. e4 d6 2. d4 Nf6 3. Nc3 Nbd7 4. f4 e5 5. Nf3 exd4 6. Qxd4 c6 7. e5 dxe5 8. fxe5 Bc5 9. Qf4 Qe7 10. Be2 Nd5 11. Nxd5 cxd5 12. Bd2 Nb6 13. 0-0-0 0-0 14. Bd3 f5 15. h4 Be6 16. Ng5 Nc4 17. Nxe6 Qxe6 18. Bxc4 dxc4 19. Bc3 b5 20. Bd4 Be7 21. c3 a5 22. Kd2 b4 23. Ke2 Rf6 24. Kf2 Rg6 25. g3 Re8 26. Rhe1 Qc6 27. Qf3 Qa4 28. Qd5+ Kf8 29. Qxc4 Rg4 30. Rd2 f4 31. Rf1 Rxg3 32. Ke1 Rg4 33. Bc5 Bxc5 34. Qxc5+ Kf7 35. Rf3 bxc3 36. Qxc3 Qe4+ 37. Re2 Qb4 38. Qxb4 axb4 39. Re4 Rxh4 1/2-1/2

[Event "Warsaw Hetmanie-A 1st"]
[Site "Warsaw"]
[Date "2010.03.14"]
[Round "5"]
[White "Baranowicz, Jan"]
[Black "Potocki, Karol"]
[Result "1/2-1/2"]
[WhiteElo "1693"]
[BlackElo "1851"]
[PlyCount "38"]
[EventDate "2010.01.04"]
[EventType "tourn"]
[EventRounds "11"]
[EventCountry "POL"]
[SourceTitle "EXT 2023"]
[Source "ChessBase"]
[SourceDate "2022.10.05"]
[SourceVersion "1"]
[SourceVersionDate "2022.10.05"]
[SourceQuality "1"]

1. e4 c6 2. d4 d5 3. Nc3 dxe4 4. Nxe4 Bf5 5. Ng3 Bg6 6. Nf3 Nd7 7. Bc4 Ngf6 8. 0-0 e6 9. Re1 Be7 10. Bg5 0-0 11. Nh4 Qc7 12. Nxg6 hxg6 13. Ne4 Rfe8 14. h4 Rad8 15. Qf3 Nxe4 16. Rxe4 Nf6 17. Rf4 Bd6 18. Bxf6 Bxf4 19. Bxd8 Rxd8 1/2-1/2

[Event "Warsaw Hetmanie-A 1st"]
[Site "Warsaw"]
[Date "2010.03.01"]
[Round "9"]
[White "Ceglowski, Ryszard"]
[Black "Baranowicz, Jan"]
[Result "1-0"]
[WhiteElo "1912"]
[BlackElo "1693"]
[PlyCount "33"]
[EventDate "2010.01.04"]
[EventType "tourn"]
[EventRounds "11"]
[EventCountry "POL"]
[SourceTitle "EXT 2023"]
[Source "ChessBase"]
[SourceDate "2022.10.05"]
[SourceVersion "1"]
[SourceVersionDate "2022.10.05"]
[SourceQuality "1"]

1. Nf3 d5 2. g3 Nf6 3. d4 e6 4. Bg2 c5 5. e3 Nc6 6. 0-0 Be7 7. b3 0-0 8. Ba3 cxd4 9. Nxd4 Nxd4 10. Qxd4 Bxa3 11. Nxa3 Qa5 12. Qb2 b6 13. c4 Ba6 14. Rfc1 Rac8 15. b4 Qa4 16. b5 Bb7 17. Rc3 1-0

[Event "Warsaw Hetmanie-A 1st"]
[Site "Warsaw"]
[Date "2010.02.15"]
[Round "7"]
[White "Grochulski, Tomasz"]
[Black "Baranowicz, Jan"]
[Result "1-0"]
[WhiteElo "1725"]
[BlackElo "1693"]
[PlyCount "53"]
[EventDate "2010.01.04"]
[EventType "tourn"]
[EventRounds "11"]
[EventCountry "POL"]
[SourceTitle "EXT 2023"]
[Source "ChessBase"]
[SourceDate "2022.10.05"]
[SourceVersion "1"]
[SourceVersionDate "2022.10.05"]
[SourceQuality "1"]

1. e4 c5 2. Nf3 Nc6 3. d4 cxd4 4. Nxd4 Nf6 5. Nc3 e5 6. Ndb5 d6 7. Nd5 Nxd5 8. exd5 Ne7 9. c4 Ng6 10. Qa4 Bd7 11. Qb4 Bf5 12. Be3 a6 13. Nc3 Be7 14. Qa4+ Bd7 15. Qc2 0-0 16. Bd3 f5 17. f3 Bh4+ 18. g3 f4 19. Bf2 fxg3 20. hxg3 Rxf3 21. Bxg6 Bxg3 22. Bxh7+ Kf8 23. Bxg3 Qg5 24. Bf2 Qg2 25. Rg1 Qh2 26. Be4 Rf4 27. Rh1 1-0

[Event "Warsaw Hetmanie-A 1st"]
[Site "Warsaw"]
[Date "2010.02.08"]
[Round "6"]
[White "Baranowicz, Jan"]
[Black "Boguszewski, Pawel"]
[Result "0-1"]
[WhiteElo "1693"]
[BlackElo "1858"]
[PlyCount "64"]
[EventDate "2010.01.04"]
[EventType "tourn"]
[EventRounds "11"]
[EventCountry "POL"]
[SourceTitle "EXT 2023"]
[Source "ChessBase"]
[SourceDate "2022.10.05"]
[SourceVersion "1"]
[SourceVersionDate "2022.10.05"]
[SourceQuality "1"]

1. e4 c5 2. Nf3 Nc6 3. d4 cxd4 4. Nxd4 Nf6 5. Nc3 e5 6. Ndb5 d6 7. Bg5 a6 8. Na3 b5 9. Bxf6 gxf6 10. Nd5 f5 11. Bd3 Be6 12. c3 Bxd5 13. exd5 Ne7 14. Nxb5 Bg7 15. Na3 0-0 16. Nc2 e4 17. Bc4 Qc7 18. Bb3 a5 19. a3 Bxc3+ 20. bxc3 Qxc3+ 21. Qd2 Qxb3 22. Nd4 Qxd5 23. Qg5+ Ng6 24. Nxf5 Qe5 25. 0-0 Rac8 26. Rad1 Rc5 27. g4 d5 28. h4 Kh8 29. f4 exf3 30. Rfe1 f2+ 31. Kxf2 Qh2+ 32. Ke3 Re8+ 0-1

[Event "Warsaw Hetmanie-A 1st"]
[Site "Warsaw"]
[Date "2010.01.11"]
[Round "2"]
[White "Jarmolowski, Tadeusz"]
[Black "Baranowicz, Jan"]
[Result "1-0"]
[WhiteElo "1702"]
[BlackElo "1693"]
[PlyCount "23"]
[EventDate "2010.01.04"]
[EventType "tourn"]
[EventRounds "11"]
[EventCountry "POL"]
[SourceTitle "EXT 2023"]
[Source "ChessBase"]
[SourceDate "2022.10.05"]
[SourceVersion "1"]
[SourceVersionDate "2022.10.05"]
[SourceQuality "1"]

1. e4 c5 2. c3 d5 3. exd5 Qxd5 4. d4 Nc6 5. Nf3 Bg4 6. Be2 Nf6 7. Na3 cxd4 8. Nb5 Rc8 9. Nbxd4 e5 10. Nxc6 Rxc6 11. Qxd5 Nxd5 12. Bb5 1-0